Elementos de geometría
Na minha lista:
| Main Authors: | , |
|---|---|
| Formato: | Livro |
| Idioma: | espanhol |
| Publicado em: |
Ciudad de México
Universidad Nacional Autónoma de México
1944
|
| Colecção: | Bibliotheca Scriptorum Graecorum et Romanorum Mexicana
|
| Assuntos: | |
| Tags: |
Adicionar Tag
Sem tags, seja o primeiro a adicionar uma tag!
|
MARC
| LEADER | 00000nam a2200000 a 4500 | ||
|---|---|---|---|
| 001 | UCV7943 | ||
| 003 | CL-VaPUC | ||
| 008 | 900313e19440000MX |||||||||||||||||spa|d | ||
| 082 | 0 | 4 | |a 516.2 |b EUC |2 21 |
| 100 | 0 | |a Euclides |e author |9 302042 | |
| 700 | |a Hilbert, David |e author |9 423533 | ||
| 245 | 1 | 0 | |a Elementos de geometría |
| 246 | 1 | 4 | |a Los fundamentos de la geometría |
| 300 | |a 178 p | ||
| 942 | |c BK | ||
| 945 | |d 19900313 00:00:00 | ||
| 260 | |a Ciudad de México |b Universidad Nacional Autónoma de México |c 1944 | ||
| 650 | 7 | |a GEOMETRIA OBRAS ANTERIORES A 1800 |2 CL-VaPUC |9 302044 | |
| 583 | |a last modification |c 19900313 00:00:00 |k Rodrigo Vera | ||
| 490 | 0 | |a Bibliotheca Scriptorum Graecorum et Romanorum Mexicana | |
| 999 | |c 213544 |d 213542 | ||
| 952 | |0 0 |1 0 |4 0 |6 516_200000000000000_EUC_1944 |7 0 |8 R |9 196029 |a BIBARQ |b BIBARQ |d 2019-11-14 |i 2639785 |l 6 |m 6 |o 516.2 EUC 1944 |p 2639785 |r 2025-04-23 |s 2023-03-31 |w 2019-11-14 |y BK_R |k ARQ | ||